000 00791nam a2200205Ia 4500
001 17557
003 GE_BSU
008 181216s||||||||xx |||||||||||||| ||und||
040 _cGE_BSU
080 _a821.353.1-1
100 _aიეთიმ-გურჯი, იეთიმ (დაბღიშვილი, 1875-1940, იეთიმ-გურჯი)
245 _aრჩეული ლექსები
245 _cანდრო თევზაძის რედაქციითა და წინასიტყვაობით; მხატვ.:ვ. ბაქრაძე
260 _a[თბ.]
260 _bსაბჭ.მწერალი
260 _c1955
300 _a104გვ. ; 15სმ.
653 _aრჩეული ლექსები
942 _cBK
999 _c50607
_d50607